Efemérides y datos históricos de Benetúser (Record no. 186573)

MARC details
000 -LEADER
campo de control de longitud fija 00991nas a2200289 i 4500
001 - NÚMERO DE CONTROL
campo de control 186573
003 - IDENTIFICADOR DE NÚMERO DE CONTROL
campo de control ES-MaACL
005 - FECHA Y HORA DE LA ÚLTIMA TRANSACCIÓN
campo de control 20250217134921.0
007 - CAMPO FIJO DE DESCRIPCIÓN FÍSICA--INFORMACIÓN GENERAL
campo de control de longitud fija t|
008 - DATOS DE LONGITUD FIJA--INFORMACIÓN GENERAL
campo de control de longitud fija 161130u1960 sp a| m l| |spa d
080 ## - NÚMERO DE LA CLASIFICACIÓN DECIMAL UNIVERSAL
Número de la Clasificación Decimal Universal 94(460.313 Benetússer)
080 ## - NÚMERO DE LA CLASIFICACIÓN DECIMAL UNIVERSAL
Número de la Clasificación Decimal Universal 908.460.313 Benetússer
245 00 - MENCIÓN DEL TÍTULO
Título Efemérides y datos históricos de Benetúser
Resto del título : memoria del año_ /
Mención de responsabilidad, etc. por Vicente Ricart y Bonillo.
246 3# - FORMA VARIANTE DEL TITULO
Título propio/Titulo breve Efemérides y datos históricos de Benetússer
260 ## - PUBLICACIÓN, DISTRIBUCIÓN, ETC.
Lugar de publicación, distribución, etc. Benetúser [Valencia] :
Nombre del editor, distribuidor, etc. Ayuntamiento de Benetúser,
Fecha de publicación, distribución, etc. [1960- ]
300 ## - DESCRIPCIÓN FÍSICA
Extensión 7 v. ;
Dimensiones 25 cm.
310 ## - PERIODICIDAD ACTUAL
Periodicidad actual Anual
590 0# - NOTA LOCAL (RLIN)
Nota local 1959.
594 ## - Nota al título y mención de responsabilidad
Nota al título y mención de responsabilidad Redactor: Vicente Ricart y Bonillo.
651 #4 - PUNTO DE ACCESO ADICIONAL DE MATERIA--NOMBRE GEOGRÁFICO
Nombre geográfico Benetússer-
Subdivisión general Historia.
9 (RLIN) 161378
651 #4 - PUNTO DE ACCESO ADICIONAL DE MATERIA--NOMBRE GEOGRÁFICO
Nombre geográfico Benetússer-
Subdivisión general Descripción.
9 (RLIN) 174900
700 1# - ENTRADA AGREGADA--NOMBRE PERSONAL
Nombre de persona Ricart y Bonillo, Vicente.
9 (RLIN) 96867
710 1# - ENTRADA AGREGADA--NOMBRE DE ENTIDAD CORPORATIVA
Nombre de entidad corporativa o nombre de jurisdicción como elemento de entrada Benetússer.
Unidad subordinada Ayuntamiento.
9 (RLIN) 161379
852 4# - LOCALIZACIÓN
Ubicación ES-MaACL
Número de control de estantería 2333-F-1-7
866 #0 - MENCIÓN TEXTUAL DE FONDOS--UNIDAD BIBLIOGRÁFICA BÁSICA
Fondos 1959, 1960, 1962, 1963, 1964, 1966, 1972
Holdings
Estatus retirado Estado de pérdida Estado de daño No para préstamo Colección Biblioteca de origen Biblioteca actual Ubicación en estantería Fecha de adquisición Fuente de adquisición Total de préstamos Signatura topográfica completa Código de barras Visto por última vez Precio de reemplazo Tipo de ítem Koha
        Colección de folletos Biblioteca del Ateneo de Madrid Biblioteca del Ateneo de Madrid Depósito folletos 30/11/2016     2333-F-1-7 1196743 23/02/2023 23/02/2023 Folleto